000 00309nam a22001337a 4500
008 171017b xxu||||| |||| 00| 0 eng d
020 _a9780073049779
041 _aeng
080 _24ed.
_a331.101.262
100 _a52
101 _aBNJ
245 _aORGANIZATION BEHAVIOR
_cMCSHANE.SH.L
942 _2udc
_cBK
999 _c34290
_d34290